Statistics for American leaders

Click here to take the quiz!

General Stats

  • This quiz has been taken 4 times
  • The average score is 8 of 34

Answer Stats

CountryLeader% Correct
United States of AmericaDonald Trump
100%
BoliviaEvo Morales
67%
GuatemalaJimmy Morales
67%
CanadaJustin Trudeau
67%
ArgentinaMauricio Macri
67%
VenezuelaNicolas Maduro
67%
ChileSebastian Pinera
67%
JamaicaAndrew Holness
33%
BelizeDean Barrow
33%
ColombiaIvan Duque
33%
BrazilJair Bolsonaro
33%
HaitiJovenel Moise
33%
EcuadorLenin Moreno
33%
PeruMartin Vizcarra
33%
CubaMiguel Diaz-Canel
33%
Saint LuciaAllen Chastanet
0%
MexicoAndres Manuel Lopez Labrador
0%
Costa RicaCarlos Alvarado Quesada
0%
DominicaCharles Savarin
0%
NicaraguaDaniel Ortega
0%
Dominican RepublicDanilo Medina
0%
GuyanaDavid A. Granger
0%
SurinameDesi Bouterse
0%
Antigua and BarudaGaston Browne
0%
the BahamasHubert Minnis
0%
PanamaJuan Carlos Varela
0%
HondurasJuan Orlando Hernandez
0%
GrenadaKeith Mitchell
0%
ParaguayMario Abdo Benitez
0%
BarbadosMia Mottley
0%
Trinidad and TobagoPaula-Mae Weekes
0%
Saint Vincent and the GrenadinesRalph Gonsalves
0%
UruguayTabare Vazquez
0%
Saint Kitts and NevisTimothy Harris
0%

Score Distribution

Percentile by Number Answered

Percent of People with Each Score

Your Score History

You have not taken this quiz